TOP 100 NAJBARDZIEJ WARTOŚCIOWYCH KLUBÓW - Statystyki

Ogólne statystyki
  • Ten quiz został rozwiązany 106 razy
  • Średni wynik to 48 z 100
Statystyki odpowiedzi
Hint Odpowiedź % Poprawnych
4. Real Madryt
99%
7. FC Barcelona
94%
2. Manchester City
94%
1. Arsenal
92%
3. PSG
92%
8. Manchester United
90%
9. Liverpool
89%
15. Atletico Madryt
86%
5. Bayern Monachium
85%
14. AC Milan
83%
17. Inter
83%
16. Juventus
82%
20. Borussia Dortmund
79%
6. Chelsea
79%
13. Napoli
76%
10. Tottenham
76%
12. Aston Villa
75%
30. Benfica
74%
45. Sporting
74%
51. Sevilla
72%
44. Ajax
69%
29. AS Roma
69%
11. Newcastle
69%
37. FC Porto
68%
18. RB Lipsk
68%
21. Bayer Leverkusen
64%
68. PSV
63%
62. Valencia
63%
34. AS Monaco
61%
49. Lazio
61%
28. Real Sociedad
61%
52. Villarreal
61%
26. Atalanta
58%
19. Brighton
58%
40. Fiorentina
58%
43. Real Betis
58%
50. Athletic Bilbao
57%
57. Union Berlin
56%
78. Braga
53%
48. Olympique Lyon
53%
23. Southampton
53%
80. Al-Nassr
51%
83. Celtic
51%
25. Everton
51%
54. Feyenoord
51%
33. Eintracht Frankfurt
50%
46. Wolfsburg
50%
35. Crystal Palace
47%
94. Rangers
47%
27. West Ham United
47%
38. Leicester City
46%
89. Girona
44%
65. Al-Hilal
43%
41. Fulham
43%
55. Galatasaray
43%
24. Wolverhampton
43%
100. Besiktas
42%
73. Bologna
42%
69. Torino
42%
22. Brentford
40%
56. Burnley
40%
60. Borussia Monchengladbach
39%
58. Fenerbahce
39%
59. RB Salzburg
39%
87. Getafe
38%
42. Leeds United
38%
63. Freiburg
36%
47. Nice
36%
79. Stuttgart
36%
71. Zenit
36%
67. Lens
33%
76. Osasuna
33%
70. Udinese
33%
39. Bournemouth
32%
72. Celta Vigo
32%
86. Dinamo Zagrzeb
32%
31. Nottingham Forest
32%
95. Sheffield United
32%
77. Genk
31%
98. AZ Alkmaar
29%
53. LOSC
29%
82. Mainz
29%
85. Hoffenheim
28%
81. Augsburg
24%
64. Sassuolo
22%
61. Flamengo
21%
96. River Plate
18%
84. Montpellier
17%
97. Spartak Moskwa
17%
36. Olympique Marseille
14%
91. Corinthians
13%
88. Monza
13%
99. Salernitana
13%
75. Brugge
11%
66. Palmeiras
11%
32. Stade Rennais
11%
90. Strasbourg
10%
74. Shakhtar
7%
92. Stade Reims
6%
93. Club Athletico
1%
Nie znaleziono quizów pasujących do podanych kryteriów
Rozkład punktacji
Procent ludzi z każdym wynikiem
Percentyl według liczby udzielonych odpowiedzi
Twoja historia wyników
Nie rozwiązałeś tego quizu